000 00857nam a2200253Ia 4500
003 OSt
005 20220923215337.0
006 a|||||r|||| 00| 0
007 ta
008 220922b |||||||| |||| 00| 0 hin d
024 _a177,928
037 _cTextual
040 _aARTS
_cARTS
_bhin
041 _2hin
_ahin
082 _aO152,1H50:g, N0
100 _aनारायण कुमार
245 0 _aहिन्दी गीतिकाव्य और विद्यापति
246 _aHindī gītikāvya aur vidyāpati
260 _aदिल्ली
_b नन्द किशोर प्रकाशन
_c1990
300 _a424 पृ.
_ccm.
650 _aहिन्दी साहित्य
_9156264
942 _hO152,1H50:g, N0
_cTEXL
_2CC
999 _c331314
_d331314